[Event "Ch Europe (juniors) (under 18) (g)"]
[Site "Albena (Bulgaria)"]
[Date "2011.09.18"]
[Round "7"]
[White "Batkovskyte Dominyka (LTU)"]
[Black "Foisor Mihaela-Veronica (ROM)"]
[Result "1/2-1/2"]
[WhiteElo "2080"]
[BlackElo "2217"]

1.d4 e6 2.c4 f5 3.e4 fxe4 4.Nc3 Nf6 5.Bg5 Bb4 6.Ne2 O-O 7.Qb3 Be7 8.Bxf6 Bxf6
9.Nxe4 b6 10.g3 Nc6 11.Rd1 Bb7 12.Bg2 Kh8 13.O-O Qe7 14.Qc2 d5 15.Nxf6 Rxf6
16.b3 Rd8 17.Qb2 Na5 18.Nf4 dxc4 19.Bxb7 Nxb7 20.bxc4 Nd6 21.Qe2 Nf5 22.Qe4 g5
23.Ng2 Qd6 24.d5 e5 25.f4 exf4 26.gxf4 g4 27.Rd3 Rg8 28.Qe5 Rg7 29.Ne3 Nh4
30.Qxd6 cxd6 31.Kh1 h5 32.Ng2 Nf5 33.Re1 Kh7 34.Re6 Kg6 35.Ne3 Nxe3 36.Rdxe3
Rf7 37.Kg2 h4 38.R3e4 Kf5 39.Re8 Rc7 40.Kf2 b5 41.Ke3 Rxc4 42.Rxc4 bxc4 43.Rg8
Rf7 44.Rg5+ Kf6 45.Rxg4 Rc7 46.Rg2 c3 47.Rc2 Kf5 48.Kf3 h3 49.Ke3 Rc4 50.Kd3
Rxf4 51.Kxc3 Ke5 52.Rd2 Ra4 53.Kb3 Rd4 54.Re2+ Kf4 55.Re7 Rxd5 56.Rxa7 Rd2
57.Rf7+ Ke4 58.Rh7 Rxh2 59.a4 Rh1 60.a5 Kf3 61.a6 Kg3 62.Rg7+ Kh2 63.Kb2 Re1
64.a7 Re8 65.Kc3 Kh1 66.Kd4 h2 67.Kd5 Ra8 68.Kxd6 Rxa7 69.Rxa7 Kg2 {#d}
1/2-1/2

[Event "It \"]
[Site "Penarth (Wales)"]
[Date "2012.07.12"]
[Round "8"]
[White "Elwin Adrian G (ENG)"]
[Black "Williams Ron (WLS)"]
[Result "1-0"]
[WhiteElo "1985"]
[BlackElo "1819"]

1.d4 e6 2.c4 f5 3.e4 fxe4 4.f3 Nf6 5.Nc3 exf3 6.Nxf3 Be7 7.Bd3 Nc6 8.O-O O-O
9.a3 a5 10.Bg5 h6 11.Bh4 d6 12.Qe2 e5 13.dxe5 dxe5 14.Rad1 Nd4 15.Qxe5 Nxf3+
16.Rxf3 Bg4 17.Bh7+ Nxh7 18.Rxd8 Bxd8 19.Rxf8+ Nxf8 20.Bg3 Bf6 21.Qd5+ Kh8
22.Bxc7 Re8 23.h3 Be6 24.Qb5 Bf7 25.Nd5 Bd4+ 26.Kf1 Bg6 27.Nf4 Be4 28.Qxe8
{#r} 1-0

[Event "It (open)"]
[Site "Avoine (France)"]
[Date "2012.07.28"]
[Round "8"]
[White "Lombart Philippe (BEL)"]
[Black "Leruste Georges (FRA)"]
[Result "0-1"]
[WhiteElo "1938"]
[BlackElo "2161"]

1.d4 e6 2.c4 f5 3.e4 fxe4 4.Nc3 Nf6 5.Bg5 Bb4 6.f3 e3 7.Bd3 d5 8.Ne2 O-O 9.O-O
c6 10.Bxe3 dxc4 11.Bxc4 Nd5 12.Nxd5 exd5 13.Bd3 Qe7 14.Bf2 Bf5 15.Ng3 Bxd3
16.Qxd3 Qf7 17.a3 Bd6 18.Rae1 Nd7 19.Re2 Rfe8 20.Rfe1 g6 21.Qb3 Rxe2 22.Rxe2
Nb6 23.Qe3 Nc4 24.Qg5 Re8 25.Rxe8+ Qxe8 26.Nh5 Be7 27.Qg4 Bd8 28.Nf4 Bf6 29.h4
Nxb2 30.h5 g5 31.h6 Nd1 32.Nh5 Bd8 33.Qc8 Qe7 34.Bg3 Nc3 35.Be5 Ne2+ 36.Kf2
Nf4 37.Nxf4 gxf4 38.Qg4+ Kf8 39.Qxf4+ Ke8 40.Qf5 Qh4+ 41.Ke2 Qxh6 42.Bf4 Qg6
43.Qe5+ Kf7 44.Qb8 Qxg2+ 45.Ke3 Qg1+ 46.Ke2 Qg2+ 47.Ke3 Qg1+ 48.Ke2 Qxd4
49.Qxb7+ Be7 50.Bd6 Qf6 51.Bc5 d4 52.Bxa7 Qe6+ 53.Kd1 d3 54.Qb2 Bxa3 55.Qh2
Qb3+ 56.Ke1 Qb1+ 57.Kf2 Qc2+ {#R} 0-1